| 000 | 00507nam a22001817a 4500 | ||
|---|---|---|---|
| 003 | OSt | ||
| 005 | 20230112141749.0 | ||
| 008 | 230112b |||||||| |||| 00| 0 eng d | ||
| 040 | _cBiblioteca Lado V | ||
| 082 |
_a708 _bS714t |
||
| 110 |
_9514 _aSoros.kg _eautor |
||
| 245 | _aℨc | Tennk/ | ||
| 260 | _aRusia | ||
| 300 |
_a67p. _c21x23cm |
||
| 650 |
_2Tesauro de Arte & Arquitectura _aCATALOGO |
||
| 650 |
_2Tesauro de Arte & Arquitectura _aARTE |
||
| 942 |
_2ddc _c1 _h708 _iS714t _n0 |
||
| 999 |
_c2756 _d2756 |
||